000 00919nam a2200217Ii 4500
003 JO-AjNU
008 230605s9999||||xx |||||||||||||| ||und||
020 _a978-2-7451-4633-5
040 _aJO-AjNU
_bara
_erda
_cJO-AjNU
041 _aara
050 1 4 _aPJ6640.Q25.2008
100 3 _aإعداد مكتب الدراسات والبحوث، دار الكتب العلمية (بيروت),
_eauthor
_911618
245 0 0 _aالقاموس المزدوج: عربي - إنكليزي، إنكليزي - عربي
250 _aط3
264 3 1 _aبيروت: دار الكتب العلمية، 2008
300 _aمتعدد الترقيم
336 _atext
_btxt
_2rdacontent
337 _aunmediated
_bn
_2rdamedia
338 _avolume
_bnc
_2rdacarrier
650 4 _aاللغة العربية -- معاجم -- اللغة الإنجليزية -- اللغة الإنجليزية -- معاجم -- اللغة العربية
_911619
999 _aA2417
_c5985
_d5985